00787 a2200385 4500000002100000001000700021005001700028008004100045010000500086020000500091082001800096100002300114110000500137245008100142250000500223260004800228300001000276490000700286500000500293600000500298610000500303611000500308630000500313650000500318651000500323654000500328700002500333710000900358711000500367720000500372730000500377740000500382752000500387856000900392BKB 06943520200902150259.0  a a a954.035bM68W1 aMIshra, Anil Dutta a1 aWorld crisis and the gandhian waycby Anil Dutta Mishara and S. Narayanasamy a aNew DelhibConcept Publishing Companyc2009 a311p. av a a a a a a a a aNarayanasamy, S.bc abc a a a a a adf